000 00734nam a2200217 i 4500
001 65259
003 ES-MaACL
005 20240219213312.0
007 t|
008 040109s1961 sp ||||1| spa d
110 2 _aMovimiento Nacional (EspaƱa).
_bDelegación Nacional de Prensa, Propaganda y Radio.
_95783
245 1 0 _aFranco ante el nuevo horizonte /
_cFrancisco Franco Bahamonde.
260 _aMadrid :
_bEdiciones del Movimiento,
_c[1961]
300 _a44 p. ;
_c22 cm.
490 1 _aNuevo horizonte
600 1 4 _aFranco Bahamonde, Francisco,
_d1892-1975
_952240
710 2 _aEdiciones del Movimiento.
_9171800
830 1 _aNuevo horizonte
_9181183
852 _aES-MaACL
_j2038-F-14
999 _c65259
_d65259